Statistics for Disney villains and heroes

Click here to take the quiz!

General Stats

  • This quiz has been taken 132 times
    (85 since last reset)
  • The average score is 6 of 8

Answer Stats

HintAnswer% Correct
Peter PanCaptain Hook
96%
ArielUrsula
95%
AnnaHans
90%
Snow WhiteThe Evil Queen
86%
RapunzelMother Gothel
82%
CinderellaLady Tremaine
74%
Tiana and NaveenDr. Facilier
60%
MulanShan Yu
59%

Score Distribution

Percentile by Number Answered

Percent of People with Each Score

Your Score History

You have not taken this quiz since the last reset